Statistics for Flags A-Z Difficult

Click here to take the quiz!

General Stats

  • This quiz has been taken 17 times
  • The average score is 6 of 26

Answer Stats

Answer% Correct
Friesland
59%
Bougainville
53%
Luhansk People's Republic
53%
Northern Mariana Islands
47%
Orange Free State
41%
Wallis and Futuna
41%
Ambazonia
35%
Rhodesia
29%
Conch Republic
24%
Greater Lebanon
24%
Sámi
24%
Uruguayan Independence Flag
24%
Hampshire
18%
Karakalpakstan
18%
Piedmont
18%
Teutonic Order
18%
Zeeland
18%
Deseret
12%
East Berlin
12%
Ilkhanate
12%
Jabal Shammar
12%
Manipur
12%
Quezon City
12%
Vojvodina
12%
Xibei San Ma
6%
Yekaterinburg
6%

Score Distribution

Percentile by Number Answered

Percent of People with Each Score

Your Score History

You have not taken this quiz